Invention of deconstruction (Record no. 997279)

MARC details
000 -LEADER
fixed length control field 00761nam a2200253Ia 4500
003 - CONTROL NUMBER IDENTIFIER
control field OSt
005 - DATE AND TIME OF LATEST TRANSACTION
control field 20221005091443.0
008 - FIXED-LENGTH DATA ELEMENTS--GENERAL INFORMATION
fixed length control field 221004b |||||||| |||| 00| 0 eng d
020 ## - INTERNATIONAL STANDARD BOOK NUMBER
International Standard Book Number 9781137307026 (hbk)
037 ## - SOURCE OF ACQUISITION
Terms of availability Textual
040 ## - CATALOGING SOURCE
Original cataloging agency CRL
Transcribing agency CRL
Language of cataloging eng
041 ## - LANGUAGE CODE
Source of code eng
Language code of text/sound track or separate title eng
100 ## - MAIN ENTRY--PERSONAL NAME
Personal name Currie Mark
9 (RLIN) 53054
245 #0 - TITLE STATEMENT
Title Invention of deconstruction
260 ## - PUBLICATION, DISTRIBUTION, ETC.
Place of publication, distribution, etc. New York
Name of publisher, distributor, etc. Palgrave macmillan U.S.A.
Date of publication, distribution, etc. 2013
300 ## - PHYSICAL DESCRIPTION
Extent vi, 252p.
Dimensions cm.
650 ## - SUBJECT ADDED ENTRY--TOPICAL TERM
Topical term or geographic name entry element PHILOSOPHY
942 ## - ADDED ENTRY ELEMENTS (KOHA)
Classification part R193, Q3
Koha item type Textual
Source of classification or shelving scheme
Holdings
Withdrawn status Lost status Damaged status Not for loan Home library Current library Date acquired Source of acquisition Cost, normal purchase price Total Checkouts Full call number Barcode Date last seen Cost, replacement price Price effective from Koha item type
        Central Library Central Library 2022-10-05 12187, 24/03/2015, Elite Publishers Distributors 4683.00   R193 Q3 CL1610382 2022-10-05 4683.00 2022-10-05 Textual
Copyright @ Delhi University Library System